Derecho electoral: materiales sobre política y sociedad en la República Federal de Alemania

Guardat en:
Dades bibliogràfiques
Format: Llibre
Idioma:espanyol
Publicat: Bonn Inter Nations 1986
Matèries:
Etiquetes: Afegir etiqueta
Sense etiquetes, Sigues el primer a etiquetar aquest registre!

MARC

LEADER 00000nam a2200000 a 4500
001 UCW7503
003 CL-VaPUC
008 930331e19860000GW |||||||||||||||||spa|d
082 0 4 |a 324  |b DER  |2 21 
245 1 0 |a Derecho electoral: materiales sobre política y sociedad en la República Federal de Alemania 
300 |a 48 p 
942 |c BK 
945 |d 19930331 00:00:00 
260 |a Bonn  |b Inter Nations  |c 1986 
650 7 |a LEY DE ELECCIONES  |2 CL-VaPUC  |9 258181 
583 |a last modification  |c 19930331 00:00:00  |k Rodrigo Vera 
999 |c 220233  |d 220231 
952 |0 0  |1 0  |4 0  |6 324_000000000000000_DER_1986  |7 0  |8 P  |9 212177  |a BIBEDU  |b BIBEDU  |c BIBEDU_PB  |d 2019-11-15  |i 280431K  |o 324 DER 1986  |p 280431K  |r 2024-01-25  |w 2019-11-15  |y BK  |k EDU